|
|
|
|
| LEADER |
00972nam a22002417a 4500 |
| 001 |
28462 |
| 003 |
BD-DhAAL |
| 005 |
20141018165222.0 |
| 008 |
141018r19981968nau||||| b||| 00| 0 eng d |
| 020 |
|
|
|a 0415039606
|
| 040 |
|
|
|a BD-DhAAL
|c BD-DhAAL
|
| 082 |
|
|
|2 22
|a 822/.3
|
| 100 |
|
|
|a Marlowe, Christopher
|9 5698
|
| 245 |
|
|
|a Doctor faustus /
|c Christopher Marlowe, edited by John D. Jump
|
| 260 |
|
|
|a London ;
|a New York :
|b Routledge,
|c 1965, [1998]
|
| 300 |
|
|
|a 179 p. :
|c 18 cm.
|
| 504 |
|
|
|a Includes bibliographical references (p.149-179)
|
| 541 |
|
|
|e 28462
|
| 600 |
|
|
|a Marlowe, Christopher,
|d 1564-1593.
|t Doctor Faustus.
|9 5699
|
| 852 |
|
|
|a Ayesha Abed Library
|c General Stacks
|
| 942 |
|
|
|2 ddc
|c BK
|
| 999 |
|
|
|c 32937
|d 32937
|
| 952 |
|
|
|0 0
|1 0
|2 ddc
|4 0
|6 822_300000000000000_MAR
|7 0
|9 43859
|a BRACUL
|b BRACUL
|c GEN
|d 2014-10-18
|e Friends Book Corner
|g 75.00
|l 11
|m 83
|o 822.3 MAR
|p 3010028462
|q 2026-05-20
|r 2026-02-24
|s 2026-02-24
|t 1
|w 2014-10-18
|y BK
|x Transferred from BIL to BRACUL on 06/06/22
|